[Event "Medellin Easter op"]
[Site "Medellin"]
[Date "2015.??.??"]
[Round "2"]
[White "Pachon Gutierrez, Adriana Paola"]
[Black "Lopez, Duvan"]
[Result "1-0"]
[WhiteElo "2036"]
[BlackElo "1685"]
[PlyCount "71"]
[EventDate "2015.04.01"]
[EventType "swiss"]
[EventRounds "9"]
[EventCountry "COL"]
[SourceTitle "CBM 165 Extra"]
[Source "ChessBase"]
[SourceDate "2015.04.21"]
[SourceVersion "1"]
[SourceVersionDate "2015.04.21"]
[SourceQuality "1"]

1. e3 c5 2. b3 d5 3. Bb2 Nc6 4. f4 Nf6 5. Nf3 a6 6. Be2 g6 7. 0-0 Bg7 8. Qe1 0-0 9. Qh4 e6 10. d3 Ne8 11. Qxd8 Nxd8 12. Ne5 Nc6 13. Nd2 Nxe5 14. fxe5 Bh6 15. Rf3 Bd7 16. Rh3 Bg5 17. Rg3 Be7 18. e4 Bc6 19. Bf3 d4 20. Bg4 Bh4 21. Rf3 h5 22. Bh3 b5 23. Raf1 Ng7 24. Ba3 b4 25. Bc1 a5 26. Nc4 a4 27. Nd6 axb3 28. axb3 Ra7 29. Bh6 Be7 30. Bxg7 Kxg7 31. Rxf7+ Rxf7 32. Rxf7+ Kh6 33. Bxe6 Ra1+ 34. Rf1 Ra2 35. Rc1 Bg5 36. Nf7+ 1-0

[Event "Medellin Easter op"]
[Site "Medellin"]
[Date "2015.??.??"]
[Round "3"]
[White "Soto, Miguel Angel"]
[Black "Lopez, Duvan"]
[Result "1-0"]
[WhiteElo "1999"]
[BlackElo "1685"]
[PlyCount "99"]
[EventDate "2015.04.01"]
[EventType "swiss"]
[EventRounds "9"]
[EventCountry "COL"]
[SourceTitle "CBM 165 Extra"]
[Source "ChessBase"]
[SourceDate "2015.04.21"]
[SourceVersion "1"]
[SourceVersionDate "2015.04.21"]
[SourceQuality "1"]

1. e4 c5 2. Nf3 e6 3. d4 cxd4 4. Nxd4 a6 5. Bd3 g6 6. 0-0 Bg7 7. c3 Ne7 8. Kh1 Nbc6 9. Be3 0-0 10. f4 f5 11. e5 Nd5 12. Bg1 b5 13. a4 bxa4 14. Rxa4 Bh6 15. Qe2 Nxf4 16. Rxf4 Bxf4 17. Nxc6 dxc6 18. Rxf4 Qe7 19. Na3 Bb7 20. Nc4 Qg5 21. Be3 c5 22. Nd6 Bc6 23. Bc4 Kg7 24. Bxe6 Rab8 25. Rf2 f4 26. Bxc5 f3 27. gxf3 Qc1+ 28. Kg2 Rxf3 29. Rxf3 Rxb2 30. Qxb2 Bxf3+ 31. Kxf3 Qxb2 32. Bd4 Qxh2 33. Bc4 Kf8 34. Bf7 Ke7 35. c4 g5 36. Bd5 Kd7 37. Ne4 Qh1+ 38. Ke2 Qh2+ 39. Kd3 Qh3+ 40. Kc2 h6 41. e6+ Kc7 42. c5 Qg2+ 43. Kc3 Qf3+ 44. Kd2 Qg2+ 45. Bf2 Qf1 46. c6 Qb5 47. Bg3+ Kb6 48. Nc3 Qb2+ 49. Kd3 Kc5 50. c7 1-0